[Event "World Blitz Women 2022"]
[Site "Almaty KAZ"]
[Date "2022.12.29"]
[Round "1.21"]
[White "Zatonskih, Anna"]
[Black "Nurgali, Nazerke"]
[Result "1-0"]
[WhiteTitle "IM"]
[BlackTitle "WIM"]
[WhiteElo "2349"]
[BlackElo "2168"]
[WhiteFideId "14101572"]
[BlackFideId "13711261"]
[EventDate "2022.12.29"]

1. d4 d5 2. c4 e6 3. Nc3 Be7 4. cxd5 exd5 5. Bf4 Nf6 6. e3 Bf5 7. Qb3 Nc6 8. g4
Nxg4 9. Qxd5 Qc8 10. a3 O-O 11. Qf3 Nf6 12. Nge2 Na5 13. e4 Bg4 14. Qg2 Nh5 15.
Rg1 Nb3 16. Rd1 f5 17. exf5 Qxf5 18. Qxg4 Qxg4 19. Rxg4 Rae8 20. Be3 Bd6 21. Bg2
Nf6 22. Rh4 c6 23. Kf1 Na5 24. Ng3 Nc4 25. Bc1 Be7 26. Rf4 Bd6 27. Rf3 Re7 28.
Nge4 Nxe4 29. Rxf8+ Kxf8 30. Nxe4 Bxh2 31. d5 cxd5 32. Rxd5 Rf7 33. Rd8+ Ke7 34.
Bg5+ Ke6 35. Ke2 h6 36. Bc1 Bc7 37. Rd4 Ne5 38. Bh3+ Ke7 39. Bd2 Bb6 40. Bb4+
Ke8 41. Rd5 Nc6 42. Bc3 Ne7 43. Rd1 Rf4 44. f3 Rh4 45. Be6 Nc6 46. Bd7+ Ke7 47.
Bxc6 bxc6 48. Bxg7 Rh2+ 49. Kd3 h5 50. Bc3 h4 51. Ng5 h3 52. Ke4 Re2+ 53. Kf4 h2
54. Rh1 Bg1 55. Kg4 Rg2+ 56. Kf5 c5 57. f4 Bf2 58. Nf3 Bg3 59. Ke4 Rf2 60. Be5
Re2+ 61. Kd5 Rf2 62. Nxh2 Bxh2 63. Kxc5 Bxf4 64. Bxf4 Rxf4 65. Rh7+ Ke6 66. Rxa7
Rf5+ 67. Kc4 Kd6 68. Kb3 Kc6 69. Rh7 Kb6 70. Ka2 Rf3 71. Rh4 Re3 72. a4 Rf3 73.
b3 Ka6 74. Ka3 Kb6 75. Rh5 Rf4 76. Rh3 Rg4 77. b4 Rg1 78. Rh6+ Kb7 79. a5 Ra1+
80. Kb3 Rb1+ 81. Ka4 Rg1 82. Rh7+ 1-0

[Event "World Blitz Women 2022"]
[Site "Almaty KAZ"]
[Date "2022.12.29"]
[Round "1.22"]
[White "Kairbekova, Amina"]
[Black "Shuvalova, Polina"]
[Result "0-1"]
[WhiteTitle "WIM"]
[BlackTitle "IM"]
[WhiteElo "2209"]
[BlackElo "2502"]
[WhiteFideId "13712799"]
[BlackFideId "24171760"]
[EventDate "2022.12.29"]

1. e4 e5 2. Nf3 Nc6 3. Bb5 a6 4. Ba4 Nf6 5. O-O Be7 6. d3 d6 7. c3 O-O 8. Re1
Re8 9. Nbd2 Bf8 10. Nf1 h6 11. Ng3 Rb8 12. h3 b5 13. Bc2 d5 14. exd5 Qxd5 15. d4
Bb7 16. Ne4 Nxe4 17. Bxe4 Qd6 18. dxe5 Nxe5 19. Bxb7 Rxb7 20. Nxe5 Rxe5 21. Be3
Rb8 22. Qxd6 Bxd6 23. Bd4 Rxe1+ 24. Rxe1 c5 25. Be3 c4 26. Rd1 Be7 27. Rd7 Bf6
28. Ra7 b4 29. Rxa6 bxc3 30. bxc3 Bxc3 31. Rc6 Rb4 32. Kf1 Ra4 33. g3 Bf6 34.
Kg2 c3 35. Rc8+ Kh7 36. h4 Rxa2 37. g4 c2 38. g5 hxg5 39. hxg5 Be5 40. f4 c1=Q+ 0-1

[Event "World Blitz Women 2022"]
[Site "Almaty KAZ"]
[Date "2022.12.29"]
[Round "1.23"]
[White "Badelka, Olga"]
[Black "Shukhman, Anna"]
[Result "1/2-1/2"]
[WhiteTitle "IM"]
[BlackTitle "WFM"]
[WhiteElo "2416"]
[BlackElo "2161"]
[WhiteFideId "13509926"]
[BlackFideId "54180058"]
[EventDate "2022.12.29"]

1. e4 c5 2. Nf3 g6 3. d4 cxd4 4. Qxd4 Nf6 5. Nc3 Nc6 6. Qa4 d6 7. Bb5 Bg7 8. e5
dxe5 9. Nxe5 O-O 10. Nxc6 bxc6 11. Bxc6 Rb8 12. O-O Bf5 13. h3 Qc7 14. Bf3 e5
15. Rb1 Rfd8 16. Be3 a5 17. Rfc1 e4 18. Be2 Rb4 19. Nb5 Rxa4 20. Nxc7 Rxa2 21.
c4 Nd7 22. Rc2 a4 23. Nb5 Rb8 24. c5 a3 25. c6 Ne5 26. c7 Rc8 27. Nxa3 Nd3 28.
Nb5 Be5 29. Bd4 Bxd4 30. Nxd4 Ra7 31. Nb5 Rb7 32. Nd6 Rbxc7 33. Rxc7 Rxc7 34.
Nxf5 gxf5 35. b4 Nf4 36. Bf1 Nd5 37. b5 Kf8 38. g3 Ke7 39. Re1 Kd6 40. g4 fxg4
41. Rxe4 gxh3 42. Bxh3 Rb7 43. Bf1 Nc3 44. Rh4 Nxb5 45. Rxh7 1/2-1/2

[Event "World Blitz Women 2022"]
[Site "Almaty KAZ"]
[Date "2022.12.29"]
[Round "1.24"]
[White "Serikbay, Assel"]
[Black "Danielian, Elina"]
[Result "0-1"]
[WhiteTitle "WIM"]
[BlackTitle "GM"]
[WhiteElo "2230"]
[BlackElo "2431"]
[WhiteFideId "13706799"]
[BlackFideId "13300210"]
[EventDate "2022.12.29"]

1. d4 Nf6 2. c4 e6 3. g3 c5 4. d5 exd5 5. cxd5 Bd6 6. Nc3 Bc7 7. Bg2 d6 8. Nf3
O-O 9. O-O a6 10. a4 Nbd7 11. Bf4 Re8 12. Qc2 Nf8 13. h3 Ng6 14. Bg5 h6 15. Bd2
Rb8 16. Rad1 b5 17. axb5 axb5 18. Bc1 Bd7 19. b3 Ra8 20. Bb2 Bb6 21. Rfe1 Qc7
22. e4 b4 23. Nb1 Ra2 24. Nbd2 Bb5 25. Qb1 Qa7 26. Nc4 Bxc4 27. bxc4 Nd7 28. Nd2
Nge5 29. f4 Nd3 30. Qxd3 Rxb2 31. Nf3 Qa3 32. e5 Qxd3 33. Rxd3 Rc2 34. exd6
Rxe1+ 35. Nxe1 Rxc4 36. Re3 Bd8 37. Re8+ Kh7 38. Rxd8 Nf6 39. Rc8 Rc1 40. Kf2 b3
41. Nd3 Rc2+ 42. Kf1 c4 43. Ne5 b2 44. Rb8 c3 45. d7 Rc1+ 46. Kf2 Nxd7 47. Be4+
g6 48. Nxd7 c2 49. Rxb2 Rf1+ 50. Kxf1 c1=Q+ 51. Kf2 Qxb2+ 52. Kf3 Qa3+ 53. Kf2
Qa7+ 0-1

[Event "World Blitz Women 2022"]
[Site "Almaty KAZ"]
[Date "2022.12.29"]
[Round "1.25"]
[White "Osmak, Yuliia"]
[Black "Mikhaylova, Irina"]
[Result "0-1"]
[WhiteTitle "IM"]
[BlackTitle "WGM"]
[WhiteElo "2451"]
[BlackElo "2257"]
[WhiteFideId "14101602"]
[BlackFideId "4109040"]
[EventDate "2022.12.29"]

1. d4 Nf6 2. c4 g6 3. Nc3 d5 4. cxd5 Nxd5 5. Bd2 Bg7 6. e4 Nxc3 7. Bxc3 O-O 8.
Nf3 c6 9. Be2 Bg4 10. O-O Nd7 11. h3 Bxf3 12. Bxf3 e5 13. d5 Rc8 14. dxc6 Rxc6
15. Qe2 Nc5 16. Rfd1 Qc7 17. Bg4 Ne6 18. Bxe6 Rxe6 19. Rd5 Rd8 20. Rad1 Red6 21.
Qb5 Rxd5 22. Rxd5 Rxd5 23. Qxd5 Qe7 24. a3 a6 25. Bb4 Qc7 26. Bc3 Qe7 27. g3 Bf6
28. Kg2 Kg7 29. a4 h5 30. h4 Qc7 31. Qd3 Qc6 32. b3 b5 33. a5 Qe6 34. Qd5 Qxd5
35. exd5 e4 36. Bb4 Bd8 37. f3 f5 38. fxe4 fxe4 39. Kf2 Kf6 40. Bc3+ Kf5 41. Ke3
Be7 42. Ke2 Bd6 43. Kf2 Be5 44. Bb4 Bc7 45. d6 Bd8 46. Ke3 g5 47. hxg5 Bxg5+ 48.
Kd4 e3 49. Kd3 Ke6 50. Bc5 Bd8 51. Kxe3 Bxa5 52. Kf4 Bd2+ 53. Ke4 Be1 54. Kf3
Bd2 55. b4 Bc1 56. Ke4 Bd2 57. Kf3 Be1 58. Kg2 Bc3 59. Kh3 Be5 60. Kh4 Kd7 61.
Kg5 Ke6 62. Kxh5 Bxg3 63. d7 Kxd7 64. Kg4 Bd6 65. Bd4 Bxb4 66. Kf5 Kc6 67. Ke4
a5 68. Kd3 Kd5 69. Bg7 Bc5 70. Kc2 Kc4 71. Kb1 a4 72. Ka2 b4 73. Kb1 b3 74. Ba1
a3 75. Bg7 Bd4 0-1

[Event "World Blitz Women 2022"]
[Site "Almaty KAZ"]
[Date "2022.12.29"]
[Round "1.26"]
[White "Hajiyeva, Laman"]
[Black "Fataliyeva, Ulviyya"]
[Result "0-1"]
[WhiteTitle "WFM"]
[BlackTitle "IM"]
[WhiteElo "2135"]
[BlackElo "2428"]
[WhiteFideId "13415875"]
[BlackFideId "13403052"]
[EventDate "2022.12.29"]

1. e4 e6 2. d3 d5 3. Nd2 Nc6 4. Ngf3 e5 5. Be2 Nf6 6. O-O Bc5 7. h3 h6 8. c3 a5
9. exd5 Qxd5 10. d4 exd4 11. Bc4 Qd8 12. Re1+ Be7 13. Nxd4 Nxd4 14. cxd4 O-O 15.
Nf3 c6 16. Ne5 Nd5 17. Qf3 Bb4 18. Rd1 Be6 19. a3 Bd6 20. Bd3 Qf6 21. Qe4 g6 22.
Bxh6 Rfe8 23. Qf4 Nxf4 0-1

[Event "World Blitz Women 2022"]
[Site "Almaty KAZ"]
[Date "2022.12.29"]
[Round "1.27"]
[White "Mkrtchian, Lilit"]
[Black "Borisova, Ekaterina"]
[Result "1/2-1/2"]
[WhiteTitle "IM"]
[BlackTitle "FM"]
[WhiteElo "2377"]
[BlackElo "2223"]
[WhiteFideId "13300601"]
[BlackFideId "34124184"]
[EventDate "2022.12.29"]

1. Nf3 Nf6 2. g3 g6 3. Bg2 Bg7 4. c4 O-O 5. O-O d5 6. cxd5 Nxd5 7. d4 Bf5 8. Nc3
Nc6 9. Nh4 Nxc3 10. bxc3 Bd7 11. Ba3 Re8 12. Nf3 Na5 13. Nd2 Bc6 14. e4 e5 15.
d5 Bb5 16. Re1 c6 17. Qb1 Qb6 18. Bb4 Nc4 19. Nxc4 Bxc4 20. a4 cxd5 21. exd5
Rad8 22. a5 Qb5 23. d6 Bf8 24. Ba3 Bxd6 25. Bxd6 Rxd6 26. Qxb5 Bxb5 27. Bxb7 Rd3
28. Re3 e4 29. Rae1 f5 30. Rxd3 Bxd3 31. Rc1 Re7 32. Bd5+ Kg7 33. c4 Rd7 34. Kg2
Kf6 35. h4 Ke5 36. h5 g5 37. Rc3 Kd4 38. Rb3 Bxc4 39. Bxc4 Kxc4 40. Rb8 Rg7 41.
Rf8 f4 42. gxf4 gxf4+ 43. Kf1 f3 44. Re8 Kd4 45. Rd8+ Ke5 46. Re8+ Kf5 47. Rf8+
Ke6 48. Re8+ Re7 49. Rc8 Kd6 50. Ke1 Re5 51. a6 Rxh5 52. Ra8 Kc6 53. Rxa7 Kb6
54. Ra8 Ra5 55. Rh8 Rxa6 56. Rxh7 Ra2 57. Rh5 Kc6 58. Rg5 Kd6 59. Rb5 Re2+ 60.
Kf1 Rd2 61. Ke1 Rd5 62. Rb8 Ke5 63. Ra8 Rc5 64. Re8+ Kd4 65. Rd8+ Kc3 66. Re8
Rc4 67. Re7 Ra4 68. Rc7+ Kd3 69. Rd7+ Rd4 70. Re7 Rd8 71. Ra7 Rh8 72. Rd7+ Kc4
73. Rc7+ Kd5 74. Rd7+ Ke6 75. Ra7 Rd8 76. Ra5 Rd5 77. Ra8 Rb5 78. Re8+ Kd5 79.
Rd8+ Kc4 80. Rc8+ Kd4 81. Rd8+ Rd5 82. Re8 Kd3 83. Re7 Rd8 84. Ra7 Rb8 85. Rd7+
Kc4 86. Rc7+ Kd5 87. Rd7+ Ke6 88. Ra7 Rb4 89. Ra5 Rd4 90. Rh5 Rd5 91. Rh8 Ke5
92. Re8+ Kf4 93. Rf8+ Rf5 94. Re8 Ra5 95. Rf8+ Kg5 96. Rg8+ Kh4 97. Re8 Ra4 98.
Rg8 Kh5 99. Rg7 Kh6 100. Rg8 Kh7 101. Rg5 Rb4 102. Re5 Kg6 103. Re8 Kf7 104. Re5
Kf6 105. Re8 Kf5 106. Rf8+ Ke5 107. Re8+ Kd4 108. Rd8+ Kc3 109. Rc8+ Rc4 110.
Re8 Kb2 111. Re7 Rc1+ 112. Kd2 Rc2+ 113. Ke1 Re2+ 114. Kf1 Kc3 115. Rc7+ Kd4
116. Rd7+ Ke5 117. Re7+ Kf6 118. Re8 Kf5 119. Rf8+ Ke5 120. Re8+ 1/2-1/2

[Event "World Blitz Women 2022"]
[Site "Almaty KAZ"]
[Date "2022.12.29"]
[Round "1.28"]
[White "Nomindalai, Tumurbaatar"]
[Black "Injac, Teodora"]
[Result "0-1"]
[WhiteTitle "CM"]
[BlackTitle "WGM"]
[WhiteElo "2132"]
[BlackElo "2365"]
[WhiteFideId "4904095"]
[BlackFideId "932400"]
[EventDate "2022.12.29"]

1. d4 Nf6 2. c4 g6 3. g3 Bg7 4. Bg2 O-O 5. Nf3 d6 6. Nc3 Nc6 7. d5 Na5 8. b3 c5
9. Bb2 a6 10. a4 e5 11. O-O Ne8 12. e4 f5 13. exf5 gxf5 14. Nh4 Nf6 15. Bh3 f4
16. Be6+ Bxe6 17. dxe6 Qe7 18. Nd5 Qxe6 19. Nc7 Qh3 20. Nxa8 Rxa8 21. Qxd6 Nxb3
22. Bxe5 Rf8 23. Rab1 Nd4 24. Bxd4 cxd4 25. Qxd4 Kh8 26. Qxf4 Ng4 27. Qxg4 Qxg4
28. Rxb7 Bd4 29. Ng2 Qe2 30. Rd7 Bxf2+ 0-1

[Event "World Blitz Women 2022"]
[Site "Almaty KAZ"]
[Date "2022.12.29"]
[Round "1.29"]
[White "Savitha, Shri B"]
[Black "Petrova, Irina"]
[Result "0-1"]
[WhiteTitle "WIM"]
[BlackTitle "WIM"]
[WhiteElo "2411"]
[BlackElo "2123"]
[WhiteFideId "35061887"]
[BlackFideId "14124122"]
[EventDate "2022.12.29"]

1. e4 d6 2. d4 Nf6 3. Nc3 e5 4. d5 Be7 5. f3 O-O 6. Be3 c6 7. Qd2 h6 8. O-O-O a5
9. g4 cxd5 10. exd5 Nh7 11. Bd3 Bg5 12. Kb1 Na6 13. Bxh7+ Kxh7 14. Ne4 Bxe3 15.
Qxe3 f5 16. gxf5 Bxf5 17. Ne2 Bxe4 18. Qxe4+ Kh8 19. Rhg1 Nc5 20. Qg4 Qf6 21. f4
e4 22. Nd4 Rf7 23. Ne6 Na4 24. c3 e3 25. Ka1 Rg8 26. Rd3 b5 27. Rxe3 b4 28. Qg6
Qe7 29. Rh3 Qe8 30. Nxg7 Rgxg7 31. Qxh6+ Rh7 32. Qxd6 Rxh3 33. Qg6 Rhh7 34. Qc2
bxc3 35. Qxa4 Qxa4 0-1

[Event "World Blitz Women 2022"]
[Site "Almaty KAZ"]
[Date "2022.12.29"]
[Round "1.30"]
[White "Khamdamova, Afruza"]
[Black "Girya, Olga"]
[Result "0-1"]
[WhiteTitle "WFM"]
[BlackTitle "GM"]
[WhiteElo "2139"]
[BlackElo "2398"]
[WhiteFideId "14210444"]
[BlackFideId "4195752"]
[EventDate "2022.12.29"]

1. e4 c6 2. d4 d5 3. Nc3 dxe4 4. Nxe4 Bf5 5. Ng3 Bg6 6. Nf3 Nd7 7. h4 h6 8. Bd3
Bxd3 9. Qxd3 e6 10. Bf4 Qa5+ 11. Bd2 Qc7 12. O-O-O Ngf6 13. Ne4 Rd8 14. Kb1 c5
15. Nxf6+ Nxf6 16. Qb5+ Qd7 17. Qxd7+ Rxd7 18. Bf4 cxd4 19. Rxd4 Rxd4 20. Nxd4
Bc5 21. Nb5 a6 22. Nd6+ Bxd6 23. Bxd6 Ne4 24. Bg3 Nxg3 25. fxg3 Ke7 26. c4 Rd8
27. Kc2 h5 28. Rf1 f5 29. Kc3 Kf6 30. b4 e5 31. a4 e4 32. Re1 Rd3+ 33. Kc2 Rxg3
34. Re2 Ra3 35. Kb2 Rxa4 36. Kb3 Ra1 37. c5 Rd1 38. Kc4 Ke5 39. Rf2 f4 40. Re2
e3 41. b5 Rd4+ 42. Kc3 axb5 43. Ra2 b4+ 44. Kb3 Rd2 45. Ra7 Rd3+ 46. Kxb4 e2 47.
Rxb7 e1=Q+ 0-1

[Event "World Blitz Women 2022"]
[Site "Almaty KAZ"]
[Date "2022.12.29"]
[Round "1.31"]
[White "Tania, Sachdev"]
[Black "Machlik, Monika"]
[Result "1-0"]
[WhiteTitle "IM"]
[WhiteElo "2389"]
[BlackElo "2114"]
[WhiteFideId "5007844"]
[BlackFideId "1513621"]
[EventDate "2022.12.29"]

1. d4 Nf6 2. c4 e6 3. Nf3 Bb4+ 4. Bd2 a5 5. g3 b6 6. Bg2 Bb7 7. O-O O-O 8. Bf4
Be7 9. Nc3 Ne4 10. Qc2 Nxc3 11. Qxc3 d6 12. Qc2 f5 13. d5 e5 14. Bd2 Nd7 15. b3
Nc5 16. Bc3 Bf6 17. a3 Qd7 18. Rad1 b5 19. b4 axb4 20. axb4 Ne4 21. Ba1 bxc4 22.
Qxc4 Ba6 23. Qc2 Rfb8 24. Rb1 Rb5 25. Bh3 g6 26. Qxe4 fxe4 27. Bxd7 exf3 28.
exf3 Rb6 29. b5 Bb7 30. Be6+ Kg7 31. Rfc1 Bd8 32. f4 Kf6 33. fxe5+ dxe5 34. f4
Ke7 35. Bxe5 Ra5 36. Bxc7 Bxc7 37. Rxc7+ Kd8 38. Rd7+ Ke8 39. Re1 Raxb5 40. Rxh7
Rb1 41. Rxb1 Rxb1+ 42. Kf2 Ba6 43. Bf7+ Kf8 44. Bxg6 Rb2+ 45. Ke3 Rb3+ 46. Kd4
Rb2 47. d6 Rd2+ 48. Ke5 Bb5 49. Be4 Re2 50. Kd4 Rd2+ 51. Kc5 Ba4 52. Rh8+ Kg7
53. Ra8 Bb3 54. Ra7+ Kf6 55. g4 Rxh2 56. g5+ Ke6 57. Re7# 1-0

[Event "World Blitz Women 2022"]
[Site "Almaty KAZ"]
[Date "2022.12.29"]
[Round "1.32"]
[White "Druzhinina, Olga"]
[Black "Atalik, Ekaterina"]
[Result "0-1"]
[BlackTitle "IM"]
[WhiteElo "2245"]
[BlackElo "2403"]
[WhiteFideId "4141911"]
[BlackFideId "4130189"]
[EventDate "2022.12.29"]

1. e4 c6 2. d4 d5 3. exd5 cxd5 4. Bd3 Nc6 5. c3 Nf6 6. h3 g6 7. Nf3 Bg7 8. O-O
O-O 9. Bf4 Bf5 10. Be2 Bxb1 11. Rxb1 e6 12. Re1 a6 13. Qc1 Rc8 14. Bf1 Ne4 15.
Qd1 h6 16. Bd3 f5 17. Ne5 Nxe5 18. Bxe5 Bxe5 19. dxe5 Kg7 20. Bxe4 fxe4 21. Qd4
Rf5 22. Rbd1 Qc7 23. Qb4 Rcf8 24. Rd2 Rxe5 25. c4 Ref5 26. cxd5 exd5 27. Qd4+
Qe5 28. Qb6 R8f7 29. Rc1 Qf6 30. Rc8 Qxb6 0-1

[Event "World Blitz Women 2022"]
[Site "Almaty KAZ"]
[Date "2022.12.29"]
[Round "1.33"]
[White "Frayna, Janelle Mae"]
[Black "Kirchei, Viktoriia"]
[Result "1/2-1/2"]
[WhiteTitle "WGM"]
[BlackTitle "WFM"]
[WhiteElo "2265"]
[BlackElo "2070"]
[WhiteFideId "5212499"]
[BlackFideId "34133396"]
[EventDate "2022.12.29"]

1. e4 d6 2. d4 Nf6 3. Nc3 e5 4. dxe5 dxe5 5. Qxd8+ Kxd8 6. f4 Bd6 7. Nf3 Re8 8.
fxe5 Bxe5 9. Nxe5 Rxe5 10. Bf4 Re7 11. O-O-O+ Ke8 12. Bg5 c6 13. Bd3 Nbd7 14.
Rhe1 Ne5 15. h3 Re6 16. Rf1 Nfd7 17. g4 f6 18. Bh4 Nc5 19. Bf2 Ncd7 20. Ne2 Re7
21. Nd4 g6 22. Nb3 b6 23. Bh4 g5 24. Bg3 c5 25. Nd2 Bb7 26. Rde1 Kf7 27. Nc4
Nxc4 28. Bxc4+ Kg7 29. Bd5 Bxd5 30. exd5 Rae8 31. c4 Rxe1+ 32. Rxe1 Rxe1+ 33.
Bxe1 Ne5 34. b3 Nd3+ 35. Kd2 Nf4 36. h4 Kf7 37. Bg3 Ng6 38. h5 Ne5 39. Bxe5 fxe5
40. Ke3 Ke7 41. Ke4 Kf6 42. a3 h6 43. a4 a5 44. d6 Ke6 45. d7 Kxd7 46. Kxe5 Ke7
47. Kf5 Kf7 48. Ke5 Ke7 49. Kd5 Kd7 50. Ke5 Ke7 51. Kf5 Kf7 52. Ke5 Ke7 53. Kf5
Kf7 54. Ke5 1/2-1/2

[Event "World Blitz Women 2022"]
[Site "Almaty KAZ"]
[Date "2022.12.29"]
[Round "1.34"]
[White "Nasybullina, Alfia"]
[Black "Buksa, Nataliya"]
[Result "0-1"]
[WhiteTitle "WIM"]
[BlackTitle "IM"]
[WhiteElo "2027"]
[BlackElo "2405"]
[WhiteFideId "4132416"]
[BlackFideId "14123622"]
[EventDate "2022.12.29"]

1. Nf3 d5 2. d4 Nf6 3. c4 e6 4. Nc3 Nbd7 5. cxd5 exd5 6. Bf4 Nb6 7. e3 Bf5 8.
Be2 Bd6 9. Bg3 O-O 10. O-O Ne4 11. Nxe4 Bxe4 12. Nd2 Bg6 13. Bf3 c6 14. Rc1 Re8
15. Qb3 Bxg3 16. hxg3 Qe7 17. a4 Nc8 18. Qc3 Nd6 19. b4 a6 20. Qc5 Qd7 21. Rfe1
Rac8 22. Qb6 Bd3 23. Be2 Bxe2 24. Rxe2 Re6 25. Nf3 Nc4 26. Qc5 b6 27. Ne5 Rxe5 0-1

[Event "World Blitz Women 2022"]
[Site "Almaty KAZ"]
[Date "2022.12.29"]
[Round "1.35"]
[White "Bivol, Alina"]
[Black "Omonova, Umida"]
[Result "0-1"]
[WhiteTitle "IM"]
[BlackTitle "WFM"]
[WhiteElo "2364"]
[BlackElo "2052"]
[WhiteFideId "4100123"]
[BlackFideId "14210363"]
[EventDate "2022.12.29"]

1. e4 c5 2. Nf3 Nc6 3. Bb5 g6 4. Bxc6 dxc6 5. h3 Bg7 6. O-O e5 7. d3 Qe7 8. Nc3
Nf6 9. Ne2 Nd7 10. Nd2 O-O 11. f4 exf4 12. Nxf4 Ne5 13. Nf3 Bd7 14. Rb1 Rad8 15.
Qe1 c4 16. Be3 cxd3 17. cxd3 Be6 18. b4 Bxa2 19. Bc5 Nxf3+ 20. Rxf3 Bd4+ 21.
Bxd4 Rxd4 22. Rb2 Be6 23. Qc3 Rfd8 24. Ne2 R4d7 25. d4 b5 26. Qxc6 Bc4 27. Qc5
Qxe4 28. Qe5 Re7 29. Qxe4 Rxe4 30. Nf4 Rdxd4 31. g3 Rd1+ 32. Kh2 Ree1 33. g4 Kg7
34. g5 Re5 35. h4 h6 36. gxh6+ Kxh6 37. Ng2 Re4 38. Kg3 Rdd4 39. Kf2 Rg4 40. Rc2
Bd5 41. Rg3 Rxg3 42. Kxg3 Bxg2 43. Kxg2 Rxb4 44. Rc7 Rxh4 45. Rxa7 f5 46. Rb7
Rb4 0-1

[Event "World Blitz Women 2022"]
[Site "Almaty KAZ"]
[Date "2022.12.29"]
[Round "1.36"]
[White "Mikheeva, Galina"]
[Black "Padmini, Rout"]
[Result "0-1"]
[WhiteTitle "WFM"]
[BlackTitle "IM"]
[WhiteElo "1969"]
[BlackElo "2389"]
[WhiteFideId "44108320"]
[BlackFideId "5029295"]
[EventDate "2022.12.29"]

1. e4 e5 2. Nf3 Nc6 3. d4 exd4 4. Bc4 Nf6 5. O-O Nxe4 6. Re1 d5 7. Bxd5 Qxd5 8.
Nc3 Qd8 9. Nxe4 Be7 10. Bg5 O-O 11. Bxe7 Nxe7 12. Nxd4 Nf5 13. Nxf5 Bxf5 14. Qf3
Bg6 15. Rad1 Qc8 16. c3 Re8 17. Nc5 b6 18. Nd3 Qf5 19. Nf4 c5 20. Qg3 Qc2 21.
Nxg6 hxg6 22. Rb1 Rxe1+ 23. Rxe1 Qxb2 24. Qf3 Rd8 25. a4 Qb3 26. h3 Qxa4 27. Qf4
Qd7 28. Qe3 a5 29. Rb1 Qc6 30. Qg5 Rc8 31. Qe5 a4 32. Qe3 b5 33. Qd3 c4 34. Qd4
a3 35. Qa7 Ra8 36. Qe7 a2 37. Ra1 Qa6 38. Qc7 Qa3 39. Qc6 Qa6 40. Qc5 Qa5 41.
Qc6 Rd8 42. Qf3 Qa4 43. Qe2 Ra8 44. Qe4 Qa3 45. Qb7 Rf8 46. Qxb5 Qxc3 47. Rxa2
Qc1+ 48. Kh2 c3 49. Qc4 Qe1 50. Rc2 Qe5+ 51. g3 Rd8 52. Qxc3 Qe4 53. Qc4 Qf3 54.
Qe2 Qd5 55. Qc4 Qd1 56. Qe2 Qa1 57. Qe3 Rd1 58. Rc8+ Kh7 59. Kg2 Rg1+ 60. Kf3
Qd1+ 61. Qe2 Qd5+ 62. Qe4 Qb3+ 63. Kf4 Rf1 64. Kg5 Qb5+ 65. Kg4 Qh5+ 66. Kf4
Rxf2+ 67. Ke3 Re2+ 68. Kd4 Rxe4+ 69. Kxe4 Qf5+ 0-1

[Event "World Blitz Women 2022"]
[Site "Almaty KAZ"]
[Date "2022.12.29"]
[Round "1.37"]
[White "Maltsevskaya, Aleksandra"]
[Black "Balakanova, Bakhyt"]
[Result "1-0"]
[WhiteTitle "IM"]
[BlackTitle "WFM"]
[WhiteElo "2400"]
[BlackElo "2005"]
[WhiteFideId "24174041"]
[BlackFideId "13705881"]
[EventDate "2022.12.29"]

1. e4 Nf6 2. e5 Nd5 3. d4 d6 4. c4 Nb6 5. f4 Bf5 6. Nf3 e6 7. Nc3 Nc6 8. Be2 Be7
9. Be3 O-O 10. O-O d5 11. cxd5 exd5 12. Rc1 h6 13. Na4 Nxa4 14. Qxa4 Be4 15. Nd2
Bf5 16. Qb3 Rb8 17. Bd3 Bxd3 18. Qxd3 Nb4 19. Qb1 c6 20. a3 Na6 21. b4 Nc7 22.
Nf3 f5 23. exf6 Bxf6 24. Ne5 Nb5 25. Qd3 Nd6 26. Rce1 Bxe5 27. dxe5 Nc4 28. Bc5
Re8 29. e6 b6 30. e7 Qd7 31. f5 bxc5 32. f6 gxf6 33. Qg6+ Kh8 34. Qxf6+ Kg8 35.
Qf7+ Kh8 36. Rf6 1-0

[Event "World Blitz Women 2022"]
[Site "Almaty KAZ"]
[Date "2022.12.29"]
[Round "1.38"]
[White "Bauyrzhan, Arnash"]
[Black "Nomin-Erdene, Davaademberel"]
[Result "1/2-1/2"]
[BlackTitle "IM"]
[WhiteElo "2041"]
[BlackElo "2384"]
[WhiteFideId "13706322"]
[BlackFideId "4900782"]
[EventDate "2022.12.29"]

1. e4 c6 2. d4 d5 3. Nd2 dxe4 4. Nxe4 Bf5 5. Ng3 Bg6 6. h4 h6 7. Nf3 Nd7 8. h5
Bh7 9. Bd3 Bxd3 10. Qxd3 e6 11. Bd2 Ngf6 12. O-O-O Be7 13. Kb1 Qb6 14. Ne4 Rd8
15. Nxf6+ Nxf6 16. Qb3 O-O 17. Qxb6 axb6 18. Be3 b5 19. c3 b4 20. Ne5 bxc3 21.
bxc3 Ra8 22. Kb2 Ra6 23. f3 Rfa8 24. Ra1 Nd5 25. Bd2 Nb6 26. g4 f6 27. Ng6 Ba3+
28. Kc2 Nc4 29. Bf4 Bb2 30. Rae1 Kf7 31. Kd3 b5 32. Bc1 Rxa2 33. Rh2 Bxc1 34.
Rxa2 Rxa2 35. Rxc1 Rd2+ 36. Ke4 Re2+ 37. Kf4 Ra2 38. Kg3 Ra3 39. Nf4 Ke7 40. Nd3
Kd6 41. Nc5 Ra2 42. Re1 e5 43. Ne4+ Kd5 44. dxe5 Nxe5 45. Rd1+ Kc4 46. Rd6 c5
47. Rd8 b4 48. cxb4 cxb4 49. Rc8+ Kb3 50. Nc5+ Kb2 51. Rb8 Kc3 52. Ne4+ Kc4 53.
Rc8+ Kd4 54. Rd8+ Ke3 55. Rb8 Rb2 56. Nd6 b3 57. f4 Rb1 58. fxe5 fxe5 59. Nc4+
Kd4 60. Nd2 Rb2 61. Nxb3+ Kc3 62. Re8 Rxb3 63. Rxe5 Kd4+ 64. Kf4 Rf3+ 65. Kxf3
Kxe5 66. Ke3 Kd5 67. Kf4 Ke6 68. Ke4 Kf6 69. Kf4 Ke6 70. Ke4 Kf6 71. Kf4 g5+ 72.
hxg6 Kxg6 73. Kf3 Kg5 74. Kg3 h5 75. gxh5 Kxh5 1/2-1/2

[Event "World Blitz Women 2022"]
[Site "Almaty KAZ"]
[Date "2022.12.29"]
[Round "1.39"]
[White "Gaponenko, Inna"]
[Black "Sultanbek, Zeinep"]
[Result "0-1"]
[WhiteTitle "IM"]
[BlackTitle "WIM"]
[WhiteElo "2341"]
[BlackElo "1891"]
[WhiteFideId "14101181"]
[BlackFideId "13710419"]
[EventDate "2022.12.29"]

1. e4 c5 2. Ne2 a6 3. g3 g6 4. Bg2 Bg7 5. c3 e6 6. d4 cxd4 7. cxd4 d5 8. e5 Ne7
9. h4 f6 10. exf6 Bxf6 11. h5 Nbc6 12. hxg6 Nxg6 13. Nbc3 Qb6 14. Na4 Qa7 15.
Be3 Bd7 16. Rc1 Nge7 17. Bh3 Nf5 18. Bxf5 exf5 19. Nc5 O-O-O 20. Nf4 Rhe8 21.
Kf1 Kb8 22. Rxh7 Bc8 23. Rc3 Re7 24. Rh6 Bg7 25. Rh5 Na5 26. b3 Nc6 27. Qd3 Qb6
28. Qd2 Ka8 29. Rh4 Qa5 30. Rh5 Qb6 31. Rh1 Qc7 32. Kg2 Qd6 33. Rd1 Rh8 34. Na4
Qh6 35. Kf1 Qh1+ 36. Ke2 Qe4 37. Qd3 Nxd4+ 38. Kd2 Nc2 39. Kxc2 Bxc3 40. Nxc3
Qxd3+ 41. Rxd3 Rd8 0-1

[Event "World Blitz Women 2022"]
[Site "Almaty KAZ"]
[Date "2022.12.29"]
[Round "1.40"]
[White "Nurgaliyeva, Zarina"]
[Black "Mammadova, Gulnar"]
[Result "0-1"]
[WhiteTitle "WFM"]
[BlackTitle "IM"]
[WhiteElo "2013"]
[BlackElo "2376"]
[WhiteFideId "13730096"]
[BlackFideId "13403508"]
[EventDate "2022.12.29"]

1. e4 e6 2. d4 d5 3. exd5 exd5 4. Nf3 Nf6 5. Bd3 c5 6. c3 Nc6 7. O-O c4 8. Bc2
Be7 9. b3 O-O 10. Bg5 h6 11. Bh4 b5 12. a4 cxb3 13. Bxb3 b4 14. Ne5 Bb7 15. cxb4
Nxb4 16. Nc3 Rc8 17. Rc1 a5 18. Nb5 Rxc1 19. Qxc1 Ne4 20. Bxe7 Qxe7 21. f3 Rc8
22. Qf4 Ng5 23. h4 Ne6 24. Qxf7+ Qxf7 25. Nxf7 Kxf7 26. Nd6+ Ke7 27. Nxb7 Nxd4
28. Nxa5 Rc3 29. Bd1 Kd6 30. Re1 Nd3 31. Rf1 Ra3 32. Nb7+ Kc7 33. Na5 Kb6 0-1